ბათუმის შოთა რუსთაველის სახელმწიფო უნივერსიტეტის ბიბლიოთეკა

Краткий справочник по машиностроительным материалам. (ბიბ.ჩანაწერი № 41358)

000 -LEADER
fixed length control field 00740nam a2200205Ia 4500
001 - CONTROL NUMBER
control field 8016
003 - CONTROL NUMBER IDENTIFIER
control field GE_BSU
008 - FIXED-LENGTH DATA ELEMENTS--GENERAL INFORMATION
fixed length control field 181216s||||||||xx |||||||||||||| ||und||
040 ## - CATALOGING SOURCE
Transcribing agency GE_BSU
080 ## - UNIVERSAL DECIMAL CLASSIFICATION NUMBER
Universal Decimal Classification number 621.01(035.5)
100 ## - MAIN ENTRY--PERSONAL NAME
Personal name Авт.кол. А.А.Кохтев, В.А.Лелянов, Н.Ф.Бессонова и др.
245 ## - TITLE STATEMENT
Title Краткий справочник по машиностроительным материалам.
245 ## - TITLE STATEMENT
Statement of responsibility, etc. Под общ. ред. В.М.Раскатова.
260 ## - PUBLICATION, DISTRIBUTION, ETC.
Place of publication, distribution, etc. М.
260 ## - PUBLICATION, DISTRIBUTION, ETC.
Name of publisher, distributor, etc. Машгиз.
260 ## - PUBLICATION, DISTRIBUTION, ETC.
Date of publication, distribution, etc. 1963.
300 ## - PHYSICAL DESCRIPTION
Extent 440 стр. с илл. 22 см.
653 ## - INDEX TERM--UNCONTROLLED
Uncontrolled term Краткий справочник по машиностроительным материалам.
942 ## - ADDED ENTRY ELEMENTS (KOHA)
Koha item type წიგნი
ეგზემპლარები
Withdrawn status Lost status Damaged status Not for loan Date acquired Barcode Date last seen Price effective from Koha item type
        2018-12-17 10368 2018-12-17 2018-12-17 წიგნი